000 00293nam a22001337a 4500
008 170712b xxu||||| |||| 00| 0 eng d
020 _a9780140510799
041 _aeng
080 _a038
100 _a23
101 _aENC
245 _aDICTIONARY PHYCHIOLOGY
_cREBER.A.S
942 _2udc
_cBK
999 _c20313
_d20313